কাব্যনির্মানকলা অ্যারিস্টটল / (Record no. 38414)
[ view plain ]
| 000 -LEADER | |
|---|---|
| fixed length control field | 00996nam a2200229 a 4500 |
| 001 - CONTROL NUMBER | |
| control field | 38414 |
| 003 - CONTROL NUMBER IDENTIFIER | |
| rucl marc code | BD-RjUL |
| 005 - DATE AND TIME OF LATEST TRANSACTION | |
| control field | 20211209052807.0 |
| 008 - FIXED-LENGTH DATA ELEMENTS--GENERAL INFORMATION | |
| fixed length control field | 151126s1976 bg ||||| |||| 00| 0 ben d |
| 035 ## - SYSTEM CONTROL NUMBER | |
| System control number | (BD-RjUL)38519 |
| 040 ## - CATALOGING SOURCE | |
| Original cataloging agency | BD-RjUL |
| Language of cataloging | ben |
| Transcribing agency | BD-RjUL |
| 041 ## - LANGUAGE CODE | |
| Language code of text/sound track or separate title | ben |
| 082 ## - DEWEY DECIMAL CLASSIFICATION NUMBER | |
| Edition number | 22 |
| Classification number | 880.09 |
| Author mark and year | MUK 1976 |
| 100 ## - MAIN ENTRY--PERSONAL NAME | |
| Personal name | মুখোপাধ্যায়, সুনীলকুমার |
| 9 (RLIN) | 118659 |
| 245 ## - TITLE STATEMENT | |
| Title | কাব্যনির্মানকলা অ্যারিস্টটল / |
| Statement of responsibility, etc. | সুনীলকুমার মুখোপাধ্যায় |
| 260 ## - PUBLICATION, DISTRIBUTION, ETC. (IMPRINT) | |
| Place of publication, distribution, etc. | ঢাকা : |
| Name of publisher, distributor, etc. | বর্ণমিছিল, |
| Date of publication, distribution, etc. | ১৯৭৬ |
| 300 ## - PHYSICAL DESCRIPTION | |
| Pagination | ১৭৫ পৃ.; |
| Size | ২১ সেমি. |
| 504 ## - BIBLIOGRAPHY, ETC. NOTE | |
| Bibliography, etc | গ্রন্থপঞ্জী সংযুক্ত |
| 650 ## - SUBJECT ADDED ENTRY--TOPICAL TERM | |
| Topical term or geographic name as entry element | পুরাতন গ্রীস সাহিত্য |
| General subdivision | ইতিহাস ও সমালোচনা |
| 9 (RLIN) | 118660 |
| Topical term or geographic name as entry element | Classical Greek literature |
| General subdivision | History and criticism |
| 9 (RLIN) | 118661 |
| 942 ## - ADDED ENTRY ELEMENTS (KOHA) | |
| Source of classification or shelving scheme | Dewey Decimal Classification |
| Koha item type | Books |
| Lost status | Source of classification or shelving scheme | Damaged status | Not for loan | Collection code | Permanent Location | Current Location | Shelving location | Date acquired | Source of acquisition | Cost, normal purchase price | Total Checkouts | Full call number | Date last seen | Date checked out | Copy number | Koha item type |
|---|---|---|---|---|---|---|---|---|---|---|---|---|---|---|---|---|
| Dewey Decimal Classification | Non-fiction | Central Library, University of Rajshahi | Central Library, University of Rajshahi | 29/06/1981 | ইউরেকা, রাজশাহী | 15.00 | 1 | B 880.09 MUK 1976 | 16/10/2016 | 20/09/2016 | C-2 | Books |